| 000 | 00849nam a2200205 a 4500 | ||
|---|---|---|---|
| 003 | 0 | ||
| 005 | 20250414090001.0 | ||
| 008 | 970101s19uu xx 00 eng d | ||
| 050 |
_aPGS PN 1992.3.C5 _b.K47 2004 |
||
| 100 | _aKikuchi, Junichi. | ||
| 245 |
_aTelevision (TV) viewing habits of grade six students of Southville International School and Colleges (SY 2003-2004) / _cJunichi Kikuchi. |
||
| 260 |
_aLas PiƱas City, Philippines : _bSouthville International School and Colleges, _c2004. |
||
| 300 |
_a24 pages : _billustrations ; _c28 cm. |
||
| 504 | _aIncludes bibliographical references. | ||
| 650 |
_aTelevision viewing _vHabits of Grade 6 students. |
||
| 650 |
_aTelevision _vInfluence on study habits and behavior. |
||
| 650 |
_aTelevision viewing _vJuvenile behavior. |
||
| 650 |
_aChildren _vLeisure activities. |
||
| 942 |
_2lcc _cPASS |
||
| 999 |
_c96999 _d96999 |
||